| 000 | 00642nam a2200181Ia 4500 | ||
|---|---|---|---|
| 008 | 090124s9999 xx 000 0 und d | ||
| 082 | _b123254 | ||
| 100 | _aघारे दीपक | ||
| 245 | _a चि.त्र्यं.खानोलकर ( ललित चरित्र ) | ||
| 250 | _a1 | ||
| 260 | _c1989 | ||
| 300 | _a194 | ||
| 600 | _aघारे दीपक | ||
| 630 | _a चि.त्र्यं.खानोलकर ( ललित चरित्र ) | ||
| 700 | _aघारे दीपक | ||
| 730 | _a चि.त्र्यं.खानोलकर ( ललित चरित्र ) | ||
| 942 | _cBOOK | ||
| 999 |
_c169340 _d169340 |
||